00739nam a2200181 i 450000100060000000300090000600500170001500700030003200800410003510000210007624501980009726000590029530000330035461000340038761000610042165100420048285200330052440610ES-MaACL20250901095955.0t|030306s1948 sp ||||1| spa d1 aCapella, Miguel.13aLa casa-palacio de la Cámara de la Industria de Madrid b: (antigua mansión de los Duques de Santoña) : sus antecedentes históricos : su valor artístico actual / cpor Miguel Capella. aMadrid : b[s.n.], c1948 (fGráfica Administrativa) a102 p., 21 lám. ; c28 cm.24aPalacio de Santoña (Madrid)24aCámara de Comercio, Industria y Navegación de Madrid aMadrid-xEdificios, estructuras, etc. aES-MaACLj1682-F-9 bR.25921